000
002250000a22000970004500
100
1
_a
Sahu, Siddharta
245
1
0
_a
India : Empowering the people
300
_a
Núm 33 (1992), Páginas 14-15
773
0
_t
Together
942
_c
ANA
999
_c
56363
_d
56363